[Event "Malopolska-ch"]
[Site "Krakow"]
[Date "2023.06.11"]
[Round "7"]
[White "Kubica, Kamil"]
[Black "Czarnecka, Lidia"]
[Result "1-0"]
[WhiteElo "2139"]
[BlackElo "2027"]
[PlyCount "79"]
[EventDate "2023.06.08"]
[EventType "swiss"]
[EventRounds "7"]
[EventCountry "POL"]
[SourceTitle "CBM 214 Extra"]
[Source "ChessBase"]
[SourceDate "2023.07.31"]
[SourceVersion "1"]
[SourceVersionDate "2023.07.31"]
[SourceQuality "1"]

1. d4 d5 2. c4 c6 3. cxd5 cxd5 4. Nc3 Nf6 5. f3 Nc6 6. e4 e6 7. e5 Nd7 8. f4 Qb6 9. Nf3 Be7 10. f5 Nf8 11. Bd3 Bd7 12. Bb1 0-0-0 13. 0-0 f6 14. Na4 Qc7 15. Bf4 g5 16. Bg3 Qa5 17. exf6 Bxf6 18. Nc5 Bxd4+ 19. Nxd4 Qxc5 20. Bf2 Qa5 21. Nb3 Qc7 22. Nc5 exf5 23. Qxd5 Be6 24. Qf3 Kb8 25. Bxf5 Ne5 26. Qe4 Bd5 27. Qb4 Ka8 28. Rac1 Nc6 29. Qa4 Ng6 30. b4 Nf4 31. Rfe1 Nxg2 32. Ne6 Qb8 33. Bb6 Rc8 34. Re2 Nh4 35. Rc5 Bxe6 36. Bxe6 Nd4 37. Bxc8 Nxe2+ 38. Kh1 Nf3 39. Bc7 Qxc8 40. Qxa7+ 1-0

[Event "POL-chT 2nd League"]
[Site "Jastrzebia Gora"]
[Date "2018.09.07"]
[Round "7.10"]
[White "Kubica, Kamil"]
[Black "Szmyd, Marek"]
[Result "1-0"]
[WhiteElo "2153"]
[BlackElo "1921"]
[PlyCount "103"]
[EventDate "2018.09.01"]
[EventType "team-swiss"]
[EventRounds "9"]
[EventCountry "POL"]
[SourceTitle "CBM 186 Extra"]
[Source "ChessBase"]
[SourceDate "2018.08.24"]
[SourceVersion "1"]
[SourceVersionDate "2018.08.24"]
[SourceQuality "1"]
[WhiteTeam "Czerwionka Leszczyny Skoczek"]
[BlackTeam "Zarow Goniec"]
[WhiteTeamCountry "POL"]
[BlackTeamCountry "POL"]

1. d4 c5 2. d5 f5 3. c4 Nf6 4. Nc3 d6 5. Nf3 g6 6. g3 Bg7 7. Bg2 0-0 8. 0-0 e5 9. dxe6 Nc6 10. Bf4 Re8 11. Ng5 Nd4 12. Nf7 Qe7 13. Nxd6 Rd8 14. Nd5 Nxd5 15. Nxc8 Raxc8 16. Bxd5 Nxe6 17. Bg5 Bf6 18. Bxf6 Qxf6 19. Qb3 b6 20. Qa3 Rc7 21. Rad1 Rdd7 22. Qe3 Re7 23. Rd2 Kg7 24. Bxe6 Rxe6 25. Qf3 Rce7 26. Rfd1 Re4 27. b3 Qe5 28. e3 Qc3 29. Rd7 Qf6 30. Rxe7+ Qxe7 31. Rd3 h5 32. Qd1 Qf6 33. Rd7+ Re7 34. h4 Kh6 35. Rd8 Qg7 36. Qd6 Kh7 37. a4 Qa1+ 38. Kg2 Qg7 39. a5 Rb7 40. a6 Rf7 41. Qd5 Kh6 42. Qa8 Qe5 43. Re8 Qa1 44. Rh8+ Kg7 45. Rg8+ Kh6 46. Qd8 Kh7 47. Qe8 Qf6 48. Rh8+ Qxh8 49. Qxf7+ Kh6 50. Qxa7 f4 51. exf4 Qd4 52. Qb7 1-0

[Event "POL-chT 2nd League"]
[Site "Jastrzebia Gora"]
[Date "2018.09.01"]
[Round "1.18"]
[White "Sielicki, Tomasz"]
[Black "Kubica, Kamil"]
[Result "1-0"]
[WhiteElo "1963"]
[BlackElo "2153"]
[PlyCount "65"]
[EventDate "2018.09.01"]
[EventType "team-swiss"]
[EventRounds "9"]
[EventCountry "POL"]
[SourceTitle "CBM 186 Extra"]
[Source "ChessBase"]
[SourceDate "2018.08.24"]
[SourceVersion "1"]
[SourceVersionDate "2018.08.24"]
[SourceQuality "1"]
[WhiteTeam "Skoczek Trojanski"]
[BlackTeam "Czerwionka Leszczyny Skoczek"]
[WhiteTeamCountry "POL"]
[BlackTeamCountry "POL"]

1. d4 d5 2. c4 e6 3. Nc3 Nf6 4. Nf3 Be7 5. Bf4 0-0 6. Qc2 c6 7. e3 Nbd7 8. h4 Qa5 9. a3 dxc4 10. Bxc4 b5 11. Ba2 c5 12. dxc5 b4 13. axb4 Qxb4 14. c6 Nc5 15. 0-0 Ba6 16. Rfd1 Rac8 17. Rd4 Qb6 18. Ne5 Rxc6 19. Nxc6 Qxc6 20. Rc1 Bb7 21. f3 Na6 22. Qa4 Qc8 23. Ne2 Qa8 24. b4 Nh5 25. Bd6 Bxd6 26. Rxd6 Bxf3 27. Qxa6 Bxg2 28. Nd4 Qe4 29. Qe2 Bh3 30. Qf2 Qe5 31. Rdc6 Nf6 32. Rc8 Qh5 33. Qg3 1-0

[Event "EU-ch blitz"]
[Site "Katowice"]
[Date "2017.12.15"]
[Round "17"]
[White "Kubica, Kamil"]
[Black "Djuric, Stefan"]
[Result "1-0"]
[WhiteElo "2166"]
[BlackElo "2383"]
[PlyCount "47"]
[EventDate "2017.12.15"]
[EventType "swiss (blitz)"]
[EventRounds "22"]
[EventCountry "POL"]
[SourceTitle "CBM 182 Extra"]
[Source "ChessBase"]
[SourceDate "2018.02.23"]
[SourceVersion "1"]
[SourceVersionDate "2018.02.23"]
[SourceQuality "1"]

1. d4 Nf6 2. c4 g6 3. Nc3 Bg7 4. e4 0-0 5. f3 d6 6. Bg5 Nbd7 7. Qd2 c5 8. d5 Re8 9. Bd3 a6 10. Nge2 Ne5 11. 0-0 b5 12. cxb5 Nxd3 13. Qxd3 axb5 14. Nxb5 Ba6 15. a4 Qb6 16. Nec3 Nd7 17. Be3 Ne5 18. Qe2 Qa5 19. f4 Nd7 20. Qg4 Nb6 21. f5 Nc4 22. fxg6 hxg6 23. Rxf7 Kxf7 24. Qe6+ 1-0

[Event "EU-ch blitz"]
[Site "Katowice"]
[Date "2017.12.15"]
[Round "21"]
[White "Kubica, Kamil"]
[Black "Wieczorek, Oskar"]
[Result "0-1"]
[WhiteElo "2166"]
[BlackElo "2463"]
[PlyCount "54"]
[EventDate "2017.12.15"]
[EventType "swiss (blitz)"]
[EventRounds "22"]
[EventCountry "POL"]
[SourceTitle "CBM 182 Extra"]
[Source "ChessBase"]
[SourceDate "2018.02.23"]
[SourceVersion "1"]
[SourceVersionDate "2018.02.23"]
[SourceQuality "1"]

1. d4 Nf6 2. c4 c5 3. d5 b5 4. f3 g6 5. e4 d6 6. cxb5 Bg7 7. Nc3 0-0 8. Bd3 a6 9. Nge2 axb5 10. Bxb5 Ba6 11. 0-0 Qa5 12. a4 Ne8 13. Bd2 Nc7 14. Kh1 Qb6 15. a5 Qb7 16. Bxa6 Nbxa6 17. Na4 Rab8 18. Nb6 Na8 19. Qa4 Nxb6 20. axb6 Nb4 21. Bxb4 cxb4 22. Qxb4 Qxb6 23. Qxb6 Rxb6 24. Ra7 Rxb2 25. Nc1 Rb1 26. Re1 Rc8 27. Rxe7 Rcxc1 0-1

[Event "EU-ch blitz"]
[Site "Katowice"]
[Date "2017.12.15"]
[Round "6"]
[White "Polzin, Rainer"]
[Black "Kubica, Kamil"]
[Result "1-0"]
[WhiteElo "2404"]
[BlackElo "2166"]
[PlyCount "97"]
[EventDate "2017.12.15"]
[EventType "swiss (blitz)"]
[EventRounds "22"]
[EventCountry "POL"]
[SourceTitle "CBM 182 Extra"]
[Source "ChessBase"]
[SourceDate "2018.02.23"]
[SourceVersion "1"]
[SourceVersionDate "2018.02.23"]
[SourceQuality "1"]

1. e4 e5 2. Nf3 Nc6 3. Bb5 a6 4. Ba4 Nf6 5. 0-0 Nxe4 6. d4 b5 7. Bb3 d5 8. dxe5 Be6 9. Qe2 Na5 10. Rd1 c6 11. c3 Nxb3 12. axb3 Be7 13. Nbd2 Ng5 14. Nd4 Qc7 15. f4 c5 16. Nxb5 Qb7 17. Nd6+ Bxd6 18. exd6 Ne4 19. Nxe4 dxe4 20. Be3 0-0 21. Bxc5 Bxb3 22. Rd4 Rfc8 23. Ba3 Bd5 24. Rad1 Qb6 25. Kh1 Bb7 26. d7 Rd8 27. Be7 Qc7 28. Qe3 Bc6 29. Bxd8 Rxd8 30. f5 Qb7 31. b4 f6 32. Rd6 Rxd7 33. Rxd7 Bxd7 34. Qc5 h6 35. Qd5+ Qxd5 36. Rxd5 Bb5 37. Kg1 Bc4 38. Rc5 Bd3 39. Kf2 Kf7 40. c4 g6 41. fxg6+ Kxg6 42. b5 axb5 43. cxb5 f5 44. b6 Ba6 45. g3 h5 46. Rc7 h4 47. b7 hxg3+ 48. hxg3 f4 49. gxf4 1-0

[Event "Katowice POL-HUN 5th"]
[Site "Katowice"]
[Date "2017.05.21"]
[Round "6"]
[White "Kubica, Kamil"]
[Black "Cukrowski, Filip"]
[Result "1-0"]
[WhiteElo "2132"]
[BlackElo "2431"]
[PlyCount "149"]
[EventDate "2017.05.20"]
[EventType "swiss (rapid)"]
[EventRounds "9"]
[EventCountry "POL"]
[SourceTitle "CBM 178 Extra"]
[Source "ChessBase"]
[SourceDate "2017.06.22"]
[SourceVersion "1"]
[SourceVersionDate "2017.06.22"]
[SourceQuality "1"]

1. d4 Nf6 2. Nf3 e6 3. c4 b6 4. Nc3 Ba6 5. e4 Bb4 6. Qc2 c5 7. e5 Ng8 8. Qe4 d5 9. exd6 Nd7 10. Bg5 Ngf6 11. Bxf6 Nxf6 12. Qc6+ Kf8 13. dxc5 Bxc5 14. Rd1 Rc8 15. Qa4 Bb7 16. Be2 Bc6 17. Qxa7 Nd7 18. Nb5 Bxb5 19. cxb5 Ra8 20. Qc7 Qxc7 21. dxc7 Ke7 22. a3 Rhc8 23. Ng5 Rxc7 24. Bf3 Rac8 25. 0-0 h6 26. Ne4 f5 27. Nc3 Ne5 28. Be2 Bxa3 29. Nd5+ exd5 30. bxa3 Kd6 31. f4 Nc4 32. Rd3 Rc5 33. a4 Nb2 34. Rg3 Re8 35. Bh5 Re7 36. Rg6+ Kc7 37. h3 d4 38. Rb1 Nc4 39. Rd1 Rd7 40. Bf3 Ne3 41. Rd3 Nc2 42. Bc6 Re7 43. Rdg3 Rc4 44. Rxg7 Rxg7 45. Rxg7+ Kd6 46. g4 fxg4 47. hxg4 Kc5 48. Rd7 Ne3 49. g5 hxg5 50. fxg5 Kb4 51. g6 Rc5 52. Rxd4+ Ka5 53. Kf2 Nf5 54. Rf4 Ne7 55. g7 Rg5 56. Rf7 Nf5 57. g8Q Rxg8 58. Rxf5 Kxa4 59. Rf4+ Ka5 60. Ke3 Rd8 61. Rf7 Kb4 62. Rf4+ Ka5 63. Rf5 Kb4 64. Ke4 Rd1 65. Ke5 Rd2 66. Ke6 Rd1 67. Rd5 Rg1 68. Kd6 Rg7 69. Re5 Rh7 70. Re7 Rh5 71. Kc7 Kc5 72. Kb7 Rg5 73. Rd7 Rh5 74. Ka6 Rg5 75. Rd5+ 1-0

[Event "Katowice POL-HUN 5th"]
[Site "Katowice"]
[Date "2017.05.21"]
[Round "7"]
[White "Lewicki, Miroslaw"]
[Black "Kubica, Kamil"]
[Result "1-0"]
[WhiteElo "2326"]
[BlackElo "2132"]
[PlyCount "97"]
[EventDate "2017.05.20"]
[EventType "swiss (rapid)"]
[EventRounds "9"]
[EventCountry "POL"]
[SourceTitle "CBM 178 Extra"]
[Source "ChessBase"]
[SourceDate "2017.06.22"]
[SourceVersion "1"]
[SourceVersionDate "2017.06.22"]
[SourceQuality "1"]

1. e4 e5 2. Nf3 Nc6 3. Bb5 a6 4. Ba4 Nf6 5. 0-0 Nxe4 6. d4 b5 7. Bb3 d5 8. dxe5 Be6 9. Be3 Bc5 10. Bxc5 Nxc5 11. Nbd2 0-0 12. h3 h6 13. c3 d4 14. Bxe6 Nxe6 15. cxd4 Ncxd4 16. Rc1 c5 17. Ne4 Nxf3+ 18. Qxf3 Qd4 19. Rfe1 Qxe5 20. Nxc5 Qxb2 21. Nd7 Rfd8 22. Ne5 Ng5 23. Qf5 Qxa2 24. h4 Qe6 25. Qf4 Nh7 26. Nc6 Qa2 27. Nxd8 Rxd8 28. Ra1 Qd5 29. Rxa6 Nf6 30. Rb6 Qc5 31. Rb7 h5 32. Qc7 Qxc7 33. Rxc7 Rd4 34. g3 b4 35. Rb7 Ne4 36. Re2 Nd2 37. Re8+ Kh7 38. Rxf7 b3 39. Rb7 Kg6 40. Ree7 Kf5 41. Rxg7 Ke4 42. Rg5 Nf3+ 43. Kg2 Nxg5 44. hxg5 Kf5 45. Rb5+ Kg6 46. f4 Rd2+ 47. Kf3 b2 48. Rb6+ Kf5 49. Rf6# 1-0

[Event "POL-chT U19 2nd League"]
[Site "Borowice"]
[Date "2012.07.27"]
[Round "9"]
[White "Wielek, Thomas"]
[Black "Kubica, Kamil"]
[Result "0-1"]
[WhiteElo "1811"]
[BlackElo "1980"]
[PlyCount "80"]
[EventDate "2012.07.21"]
[EventType "team-swiss"]
[EventRounds "11"]
[EventCountry "POL"]
[SourceTitle "EXT 2014"]
[Source "ChessBase"]
[SourceDate "2013.11.20"]
[SourceVersion "1"]
[SourceVersionDate "2013.11.20"]
[SourceQuality "1"]
[WhiteTeam "Podlesie UKS 21 U19"]
[BlackTeam "Rydultowy Ognisko U19"]
[WhiteTeamCountry "POL"]
[BlackTeamCountry "POL"]

1. e4 e5 2. d4 exd4 3. Nf3 Nc6 4. Bc4 Bc5 5. c3 Nf6 6. cxd4 Bb4+ 7. Bd2 Nxe4 8. Bxb4 Nxb4 9. Bxf7+ Kxf7 10. Qb3+ d5 11. Qxb4 Re8 12. 0-0 Qd6 13. Ne5+ Kg8 14. Qxd6 Nxd6 15. Nc3 c6 16. g4 Nf7 17. Nxf7 Kxf7 18. h3 h5 19. f3 b6 20. Rfe1 Bd7 21. Kf2 Kf6 22. b4 Re6 23. Rxe6+ Bxe6 24. a3 a5 25. Ra2 c5 26. dxc5 bxc5 27. Rd2 axb4 28. axb4 cxb4 29. Nxd5+ Bxd5 30. Rxd5 Rb8 31. Rd2 b3 32. Rb2 Kg5 33. Ke3 Rb4 34. gxh5 Kxh5 35. f4 Kg6 36. Kf3 Kf5 37. Kg3 Rb5 38. Kf3 Rb6 39. Ke3 Rb4 40. h4 g6 0-1

[Event "Rewal op-A 16th"]
[Site "Rewal"]
[Date "2011.08.23"]
[Round "4"]
[White "Sabuk, Piotr"]
[Black "Kubica, Kamil"]
[Result "1-0"]
[WhiteElo "2199"]
[BlackElo "1941"]
[PlyCount "45"]
[EventDate "2011.08.19"]
[EventType "swiss"]
[EventRounds "9"]
[EventCountry "POL"]
[SourceTitle "CBM 144 Extra"]
[Source "ChessBase"]
[SourceDate "2011.10.28"]
[SourceVersion "1"]
[SourceVersionDate "2011.10.28"]
[SourceQuality "1"]

1. e4 e5 2. Nf3 Nc6 3. Bb5 a6 4. Ba4 Nf6 5. 0-0 Nxe4 6. d4 b5 7. Bb3 d5 8. dxe5 Be6 9. Nbd2 Nc5 10. c3 d4 11. Bxe6 Nxe6 12. cxd4 Ncxd4 13. a4 Be7 14. Nxd4 Nxd4 15. Ne4 c5 16. Ra3 Qd5 17. Re1 0-0 18. Rh3 Qe6 19. Bg5 Nf5 20. Bxe7 Qxe7 21. Nf6+ gxf6 22. Qg4+ Ng7 23. Rg3 1-0

[Event "Rewal op-A 16th"]
[Site "Rewal"]
[Date "2011.08.20"]
[Round "2"]
[White "Kubica, Kamil"]
[Black "Zmarzly, Aleksandra"]
[Result "1-0"]
[WhiteElo "1941"]
[BlackElo "2094"]
[PlyCount "57"]
[EventDate "2011.08.19"]
[EventType "swiss"]
[EventRounds "9"]
[EventCountry "POL"]
[SourceTitle "CBM 144 Extra"]
[Source "ChessBase"]
[SourceDate "2011.10.28"]
[SourceVersion "1"]
[SourceVersionDate "2011.10.28"]
[SourceQuality "1"]

1. d4 Nf6 2. c4 e6 3. Nc3 Bb4 4. Qc2 0-0 5. a3 Bxc3+ 6. Qxc3 d5 7. Bg5 Nbd7 8. Nf3 h6 9. Bh4 c6 10. e3 g5 11. Bg3 Ne4 12. Qc2 f5 13. Bd3 Qe7 14. Bxe4 dxe4 15. Ne5 Qh7 16. Nxd7 Bxd7 17. Bd6 Rf7 18. h4 Qg6 19. 0-0-0 b5 20. c5 a5 21. Rdg1 Bc8 22. hxg5 hxg5 23. Be5 Rh7 24. Rxh7 Qxh7 25. Qd1 b4 26. Rh1 Qg6 27. Rh8+ Kf7 28. Qh1 b3 29. Bd6 1-0

[Event "POL-ch U18"]
[Site "Murzasichle"]
[Date "2011.03.10"]
[Round "7"]
[White "Grochulski, Grzegorz"]
[Black "Kubica, Kamil"]
[Result "1-0"]
[WhiteElo "2069"]
[BlackElo "1971"]
[PlyCount "121"]
[EventDate "2011.03.05"]
[EventType "swiss"]
[EventRounds "9"]
[EventCountry "POL"]
[SourceTitle "EXT 2012"]
[Source "ChessBase"]
[SourceDate "2011.11.24"]
[SourceVersion "1"]
[SourceVersionDate "2011.11.24"]
[SourceQuality "1"]

1. e4 e5 2. Nf3 Nc6 3. Bc4 Bc5 4. c3 Nf6 5. d3 d6 6. 0-0 0-0 7. Nbd2 Bb6 8. h3 h6 9. Re1 Nh5 10. Nf1 Qf6 11. Be3 Ne7 12. Bxb6 axb6 13. Ne3 Nf4 14. d4 c6 15. dxe5 dxe5 16. Ng4 Bxg4 17. hxg4 Rad8 18. Qc2 Neg6 19. g3 b5 20. Bf1 Ne6 21. Kg2 Rd6 22. Rad1 Rfd8 23. Be2 R8d7 24. Rxd6 Rxd6 25. Rd1 Qd8 26. Rxd6 Qxd6 27. Qd2 Qxd2 28. Nxd2 Nc5 29. b3 Nf8 30. Kf3 Nfe6 31. Ke3 g5 32. f3 Kf8 33. Nf1 Ke7 34. Kd2 Ng7 35. Ne3 h5 36. gxh5 Nxh5 37. Nf5+ Ke6 38. Bd1 g4 39. b4 Na4 40. fxg4 Nf6 41. Bf3 Nh7 42. Ne3 Ng5 43. Bg2 Kd6 44. c4 c5 45. a3 bxc4 46. Nxc4+ Ke6 47. b5 Kd7 48. Nxe5+ Kc7 49. Nc4 Nb6 50. Kd3 Nd7 51. Ke3 Ne6 52. e5 Nd4 53. a4 f6 54. b6+ Kb8 55. exf6 Nxf6 56. g5 Ne8 57. Ke4 Ne2 58. g4 Kc8 59. Ke5 Kd7 60. Bxb7 Nd4 61. a5 1-0

[Event "POL-ch U18"]
[Site "Murzasichle"]
[Date "2011.03.06"]
[Round "2"]
[White "Kubica, Kamil"]
[Black "Sowul, Bartosz"]
[Result "0-1"]
[WhiteElo "1971"]
[BlackElo "2190"]
[PlyCount "86"]
[EventDate "2011.03.05"]
[EventType "swiss"]
[EventRounds "9"]
[EventCountry "POL"]
[SourceTitle "EXT 2012"]
[Source "ChessBase"]
[SourceDate "2011.11.24"]
[SourceVersion "1"]
[SourceVersionDate "2011.11.24"]
[SourceQuality "1"]

1. d4 Nf6 2. c4 c5 3. d5 e6 4. Nc3 exd5 5. cxd5 d6 6. e4 g6 7. Nf3 Bg7 8. Be2 0-0 9. 0-0 Bg4 10. Qb3 Qe7 11. h3 Bxf3 12. Bxf3 Na6 13. Re1 Rab8 14. Bf4 Nd7 15. Nb5 Ne5 16. Kh1 c4 17. Qa3 Nc5 18. Bxe5 Bxe5 19. Qxa7 Bxb2 20. Rab1 Be5 21. Qa5 Qg5 22. g3 Ra8 23. Qb6 Rxa2 24. h4 Qf6 25. Kg2 c3 26. Ra1 Rfa8 27. Rxa2 Rxa2 28. Qc7 Kg7 29. h5 Rxf2+ 30. Kxf2 Nd3+ 31. Ke2 Nxe1 32. Bg4 c2 33. Na3 Bxg3 34. Nxc2 Qf2+ 35. Kd1 Nxc2 36. Qc3+ Nd4 37. Kc1 Bf4+ 38. Kb1 Qg1+ 39. Ka2 Qxg4 40. Qxd4+ Be5 41. Qc4 gxh5 42. Kb3 Qd1+ 43. Kb4 Qd4 0-1

[Event "Rewal op-B 15th"]
[Site "Rewal"]
[Date "2010.08.20"]
[Round "2"]
[White "Kubica, Kamil"]
[Black "Rogala, Lucyna"]
[Result "1/2-1/2"]
[WhiteElo "1949"]
[BlackElo "1683"]
[PlyCount "88"]
[EventDate "2010.08.18"]
[EventType "swiss"]
[EventRounds "9"]
[EventCountry "POL"]
[SourceTitle "EXT 2014"]
[Source "ChessBase"]
[SourceDate "2013.11.20"]
[SourceVersion "1"]
[SourceVersionDate "2013.11.20"]
[SourceQuality "1"]

1. d4 d5 2. c4 e6 3. Nc3 Nf6 4. Bg5 Nbd7 5. Nf3 Be7 6. Qc2 c6 7. e3 0-0 8. Bd3 dxc4 9. Bxc4 Nd5 10. Bxe7 Qxe7 11. Nxd5 exd5 12. Bd3 Qb4+ 13. Nd2 g6 14. h4 Nf6 15. 0-0-0 Kg7 16. Rdg1 Bd7 17. Nb3 b6 18. Nd2 c5 19. a3 Qa4 20. Qxa4 Bxa4 21. b3 Bd7 22. Nf3 Rac8 23. Bc2 Bb5 24. g4 Be2 25. Ne5 cxd4 26. exd4 Rc7 27. Kd2 Ba6 28. g5 Nh5 29. Bd3 Bxd3 30. Nxd3 Rfc8 31. Rc1 Rxc1 32. Rxc1 Rxc1 33. Kxc1 f6 34. Kd2 Kf7 35. Ke3 Ke6 36. Nf4+ Nxf4 37. Kxf4 f5 38. b4 Kd6 39. b5 Kc7 40. Ke3 Kd6 41. Kd3 Ke6 42. Kc3 Kd6 43. f3 Ke6 44. a4 Kd6 1/2-1/2